03317naa a2200325 a 450000100080000000500110000800800410001902200140006002400490007410000200012324500960014326000090023952024050024865000120265365000170266565000110268265000100269365300090270365300240271265300240273665300160276065300190277670000220279570000210281770000160283870000230285470000200287770000200289777300740291721550862025-12-09 2023 bl uuuu u00u1 u #d a2178-90107 ahttp://doi.org/10.7769/gesec.v14i6.23962DOI1 aBAYMA, M. M. A. aBioeconomia do bambu nativo, Guadua spp. do Acre, Amazônia, Brasil.h[electronic resource] c2023 aUm dos principais desacordos entre a economia e a ecologia, sob ponto de vista ecológico, deriva do fato de que a natureza tem processos cíclicos, enquanto os sistemas produtivos são pensados linearmente, sem considerar que todo sistema tem entradas e saídas. As atividades econômicas extraem recursos naturais e transformam-nos em produtos e resíduos, em seguida transacionam esses produtos aos consumidores, que descartam ainda mais resíduos depois do consumo. Tal modelo precisa ser revisto diante do cenário exaurido já em alguns biomas, em função de intensos modelos de exploração econômica. Esta pesquisa analisa o potencial bioeconômico da oferta natural de bambu nativo no estado do Acre, Brasil. As florestas de bambu dominam as paisagens do Acre ocupando as tipologias florestais que ocorrem em 62% do território acreano. Em campo foi obtido através de inventários florestais o número de hastes áreas por tipologia florestal: Os resultados revelam um potencial de receita de 5,2 bilhões de dólares, rentabilidade a ser obtida através do fornecimento de matéria prima para a indústria moveleira, construção civil, energética, dentre outros segmentos produtivos, que utilizam está biomassa à base de bambu. One of the main disagreements between economics and ecology, from an ecological point of view, derives from the fact that nature has cyclical processes, while productive systems are thought of linearly, without considering that every system has inputs and outputs. Economic activities extract natural resources and turn them into products and waste, then transact these products to consumers, who dispose of even more waste after consumption. This model needs to be revised in view of the scenario already exhausted in some biomes, due to intense models of economic exploitation. This research analyzes the bioeconomic potential of the natural supply of native bamboo in the state of Acre, Brazil. Bamboo forests dominate the landscapes of Acre, occupying the forest typologies that occur in 62% of Acre's territory. In the field, the number of stems per forest type was obtained through forest inventories: The results reveal a revenue potential of 5.2 billion dollars, profitability to be obtained through the supply of raw material for the furniture industry, civil construction, energy, among other productive segments, which use bamboo-based biomass. aBamboos aBioeconomics aGuadua aBambu aAcre aAmazonia Occidental aAmazônia Ocidental aBioeconomia aWestern Amazon1 aPEREIRA, J. E. S.1 aAMARAL, E. F. do1 aSIVIERO, A.1 aOLIVEIRA, L. C. de1 aMALAVAZI, F. W.1 aMORET, A. de S. tRevista de Gestão e Secretariadogv. 14, n. 6, p. 10629-10643, 2023.